Регионална библиотека "Любен Каравелов" - Русе

За славянското происхождение на дунавските българе (Запис номер 154904)

MARC детайли
000 -Лидер
Контролно поле с фиксирана дължина 01691nam a2200373 c 4500
003 - Код на организацията, давaща контролен номер
Контролно поле BLK
005 - Дата и час на последна редакция
Контролно поле 20250225005545.0
008 - Елементи от данни с фиксирана дължина
fixed length control field 180410b bul|||||r ||||||| ||bul||
010 ## - Наследен системен номер
LC control number KNG00161559000
040 ## - Източник на каталожния запис
Идентификатор на билиотеката - собственик на записа BLK
041 ## - Код за език
Код за езика на текст/звукозапис или на отделно заглавие Български
Код за езика КДБФ Български
072 #7 - Код за тематичната категория
Код организация bullib
Код за тематична категория С
Текст Старопечатен фонд
080 ## - УДК
Текстов определител УДК Славяни и прабългари. Старо балканско население. Българските земи през V - VІІ век
УДК код - определител по УДК 94(497.2)"05/06"
УДК определител
УДК - код + определител 94(497.2)"05/06"
100 1# - Редна дума - Автор
Автор Иловайски, Димитри Ив.
Авторска отговорност първи автор
R(LIN) 72834
139 ## - Редно поле
Редна дума Иловайски, Димитри Ив.
Авторски знак Илов - И 57
245 10 - Сведения за заглавието
Заглавие За славянското происхождение на дунавските българе
Подзаглавни данни Изследование от Д. Иловайски
Редно поле (дума) Димитри Ив. Иловайски; прев. от рус. Христо Ботев.
257 ## - Страна на издаване
Страна на създаване/издаване България
260 ## - Област на издателските данни
-- Букурещ
Име на издателя, разпространителя и проч. Д-во за распространение полезни знания
Година на издаване 1875
Печатница Букурещ : В печатницата на Знание
300 ## - Физическа характеристика
Страници [1], 119 с.
Размери/Мащаб 22 см
380 ## - Жанр
Жанр История
650 #4 - Допълнително описание по предмет – тема
Основно описание – тема или топоним Българи - бит - история
9 (RLIN) 293224
651 #4 - Допълнително описание по предмет - топоним
Географско понятие България
9 (RLIN) 241624
653 ## - Ключова дума – ненормативна
Ключова дума българи
653 ## - Ключова дума – ненормативна
Ключова дума произход
653 ## - Ключова дума – ненормативна
Ключова дума изследвания
659 ## - Тематичен бюлетин
Тематичен бюлетин С
700 ## - Други автори (авторска отговорност)
Лично име Ботев, Христо
Дати, свързани с автора 1848 - 1876
Пълна форма на името Петков, Христо Ботев
Автороска отговорност (Описва отношението между автора и произведението) прев. от рус.
9 (RLIN) 364222
852 ## - Местоположение
Форматна сигнатура Цб Ст 684 * 1669
856 4# - Електронен адрес и достъп
Електронен формат pdf - файл
Път до файла /url/
856 4# - Електронен адрес и достъп
Електронен формат pdf - файл
Път до файла /url/
942 ## - АРТИКУЛИ
Вид на библиотечния материал Книги
Скрит в OPAC Не
944 ## - СЪЗДАВАНЕ И РЕДАКЦИЯ на ЗАПИСА
Създаване/Редакция Създаване
Дата на регистрацията/редакция 03.06.2014
Служител, извършил регистрацията/редакцията
Статус, дата на статуса CRON CRON
944 ## - СЪЗДАВАНЕ И РЕДАКЦИЯ на ЗАПИСА
Създаване/Редакция Редакция
Дата на регистрацията/редакция 03.06.2014
Служител, извършил регистрацията/редакцията
999 ## - СИСТЕМНИ КОНТРОЛНИ НОМЕРА
Koha biblionumber 154904
Koha biblioitemnumber 154904
Наличности
Код за отписване Код за изгубен артикул Източник на класификационната схема Код за повреда Коз за рестрикции Код за отдаване Артикулен № Име на библиотеката - собственик Име на библиотеката, в която се намира в момента Статус (Текущо местоположение) Дата на вписване в системата Местоположение - отдел Цена в лева Инвентарен номер Систематично азбучна сигнатура Баркод Номер на екземпляра Цена в евро Служебна бележка Служебен тип на артикула
  Не е изгубен Universal Decimal Classification Не е повреден само за читалня Специални фондове ( старопечатни, редки и ценни, фонд М. Арнаудов) 259657 Регионална библиотека "Любен Каравелов" Русе Регионална библиотека "Любен Каравелов" Русе Старопечатен фонд 1875-01-01 Старопечатен фонд 0.96 13598/58-ст Цб Ст 684 * 1669 900000000097 1 0.49 Дост: DA Вид: Сф Дата: 01.01.1875 Дата инв: 30.03.2018 Бележки инв: СТ2018 Книги
  Не е изгубен Universal Decimal Classification Не е повреден само за читалня Специални фондове ( старопечатни, редки и ценни, фонд М. Арнаудов) 259658 Регионална библиотека "Любен Каравелов" Русе Регионална библиотека "Любен Каравелов" Русе Старопечатен фонд 1875-01-01 Старопечатен фонд 0.60 14460/66-ст Цб Ст 684 * 1669 900000000098 2 0.31 Дост: DA Вид: Сф Дата: 01.01.1875 Дата инв: 30.03.2018 Бележки инв: СТ2018 Книги
Vip Innovations Ltd, Rousse, Bulgaria 2025